000 00343nam a22001577a 4500
020 _a978-81-8360-150-4
041 _aENG
100 _a Mane .M.S
245 _aPrinciples of Sprinkler Irrigation
250 _a3 rd
260 _aNEw Delhi
_bJain Brothers
_c2019
300 _a176
650 _aIDE
700 _aAyare .B.L
856 _uIDE
999 _c119
_d119